| 000 | 01140nam a2200229Ia 4500 | ||
|---|---|---|---|
| 003 | OSt | ||
| 005 | 20211027112231.0 | ||
| 008 | 210310s2000 ag fr 000 0 spa d | ||
| 040 |
_aCO-JMCR _cCO-JMCR |
||
| 041 | 0 | _aspa | |
| 082 | 0 | 4 |
_a338.982 / _bD811i _223 |
| 100 | 1 |
_aD´Annunzio, María Claudia, _917870 _eautora |
|
| 245 | 1 | 0 |
_aIniciativa de desarrollo económico local. La articulación y las interacciones entre instituciones : _bel caso de Tandil, Argentina / _cMaría Claudia D´Annunzio |
| 260 |
_aSantiago de Chile : _bCepal, _c2000 |
||
| 300 |
_aiii, 68 páginas ; _c28 cm. |
||
| 490 | 0 | _aProyecto Cepal/GTZ "Desarrollo económico local y descentralización en América Latina" | |
| 504 | _aBibliografía: páginas 49-50 | ||
| 505 | 0 | _aDescripción de la iniciativa de desarrollo local -- Caracterización del territorio -- Alianzas y cooperación público-privado en torno a la iniciativa de desarrollo económico local (DEL) -- Descentralización e instrumentos | |
| 650 | 1 | 4 |
_aDesarrollo económico local _917872 _zArgentina |
| 650 | 2 | 4 |
_aActividad económica _xDatos socioeconómicos _zArgentina _941310 |
| 942 |
_2ddc _cBK |
||
| 999 |
_c8644 _d8644 |
||